000 00466nam a2200181Ia 4500
001 14853
005 20260306164944.0
008 260306t2008||||xx |||||||||||||| ||spa||
041 _aESP
082 _a519.5
_bB79
100 _aBox, George E.P.
_eAUT
245 0 _aEstadística para investigadores:
_bdiseño, innovación y descubrimiento
260 _c2008
300 _a639 páginas :
_c25 cm.
650 _aGEN
654 _aCMA
942 _cLIB
_dJUS
_fJUS
_2ddc
_n
999 _c14853
_d14853